quiz sur pnl - Statistiques

Statistiques générales
  • Ce quiz a été pris 985 fois
  • Le résultat moyen est 7 sur 10
Statistiques - réponses
Question Réponse % Correct
quels sont les vrais nom des deux frères Tarik et Nabil
95%
quels sont les 4 chansons qui on créé une histoires dans l'album "dans la légende" "Naha", "Onizuka", "Bené", "jusqu'au dernier gramme"
93%
Dans quel chanson on entend la phrase "C'est peut-être mon dernier album" au DD
79%
Dans quel son on entend "La nuit, elle trompe le soleil, le jour elle trompe la lune" Uranus
78%
quels sont les 4 titres bonus de l'album "Deux frères" "Ryuk", "Comme pas deux", "Sibérie", "Bang"
68%
Quel phrase les deux rappeurs ont prononcer plusieurs fois durant leurs tournée "Deux Frère" "Le vent est bon"
61%
Quel est le dernier titre de PNL a être sortit Mowgli II
55%
Quand est sortie album "Que la famille" 2 mars 2015
45%
combien de son sont certifier disque de platine 37
45%
Quel est LE titre bonus de la version orange de "dans la légende" Je t'haine
43%
Aucun quiz correspondant
Distribution des résultats
% des personnes avec chaque résultat
Percentile par nombre de réponses
Votre historique - résultats
Vous n’avez pas pris ce quiz